000 00624nam a2200241Ia 4500
003 OSt
005 20221005083209.0
006 a|||||r|||| 00| 0
007 ta
008 221004b |||||||| |||| 00| 0 eng d
024 _a30318
037 _cTextual
040 _aCRL
_cCRL
_beng
041 _2eng
_aeng
082 _aM14k, M9( RR)
100 _aCollin P H
245 0 _aDictionary of printing and publishing
260 _aNew Delhi
_bUniversal
_c1989
300 _a260p
_ccm.
650 _aINDUSTRIAL ARTS
942 _hM14k, M9( RR)
_cTEXL
_2cc
999 _c990454
_d990454